000 00725nam a2200193 4500
001 144099
003 ES-MaACL
005 20230906200937.0
007 t|
008 070214s1947 sp r ||||1| spa d
100 1 _aSicart, Pablo.
_9106188
245 1 0 _aMetodología científica de las lenguas vivas /
_cPablo Sicart.
260 _aMadrid :
_bEstades,
_c1947.
300 _a105 p. :
_bil. ;
_c21 cm.
500 _aPrecede al tít.: Ministerio de Educación Nacional, Dirección General de Enseñanza Profesional y Técnica.
710 2 _aEspaña.
_bMinisterio de Educación Nacional.
_bDirección General de Enseñanza Profesional y Técnica.
_9220962
852 _aES-MaACL
_j1896-F-2
_bR.26919
999 _c144099
_d144099